000 01198cad a22002295a 4500
001 L145956
008 081126s2008 xxkad f s 000 0 eng d
035 _a(Sirsi) u145956
041 0 _aeng
050 0 4 _a333.33 $2 22
110 2 _aPramerica Real Estate Investors
_95594
245 0 0 _aEuropean quarterly
_bOctober 2008
_h[electronic resource]
250 _c2008
260 _aUnited States
_bPramerica
_c2008
490 0 _aEuropean Quarterly
_vOctober 2008
520 _aReports that investors are demanding greater transparency from fund managers and that capitalisation rates are rising slowly across most of Europe. Suggests that property values are likely to fall for another year and that investors remain wary about buying assets. Reports that public real estate firms registered negative returns in the third quarter. Expects sharp falls in demand in the office and retail sectors, with residential markets continuing to suffer at the hands of tighter mortgage markets.
590 _aKA
651 4 _aEurope
690 _aPROPERTY-COMMERCIAL PROPERTY-COMMERCIAL PROPERTY MARKET
856 4 0 _uhttps://www.pramericarei.com/
_zView the report at www.pramericarei.com...
942 _n0
999 _c108985
_d108985